| 000 -LEADER |
| fixed length control field |
00492nam a22001817a 4500 |
| 008 - FIXED-LENGTH DATA ELEMENTS--GENERAL INFORMATION |
| fixed length control field |
131009b xxu||||| |||| 00| 0 ger d |
| 020 ## - INTERNATIONAL STANDARD BOOK NUMBER |
| International Standard Book Number |
3499611937 |
| 041 0# - LANGUAGE CODE |
| Language code of text/sound track or separate title |
ger |
| 080 ## - UNIVERSAL DECIMAL CLASSIFICATION NUMBER |
| Universal Decimal Classification number |
007 |
| 100 1# - Rafti |
| Rafti |
Dörner, Dietrich |
| 100 1# - Rafti |
| -- |
1938 |
| 245 10 - TITLE STATEMENT |
| Title |
Bauplan für eine Seele / |
| Statement of responsibility, etc |
Dietrich Dörner |
| 260 ## - |
| -- |
Hamburg : |
| -- |
Rowohlt Taschenbuch Verlag ; |
| -- |
1998 |
| 300 ## - |
| -- |
831 f. : |
| -- |
me il. ; |
| -- |
21 cm. |
| 500 ## - |
| -- |
Literatur : f. 817 - 822 |
| 650 ## - |
| -- |
Kibernetika |
| 650 ## - |
| -- |
Robotët |
| 942 ## - ADDED ENTRY ELEMENTS (KOHA) |
| Source of classification or shelving scheme |
|
| Item type |
Books |